| 000 | 01391nam0a2200373 4500 | ||
|---|---|---|---|
| 001 | RU\NLR\bibl\354238 | ||
| 005 | 20260405163309.0 | ||
| 010 |
_a5-89691-024-X _95000 |
||
| 021 |
_aRU _b2002-51964 _92514 |
||
| 035 | _a(NLR Aleph) 000348918 | ||
| 090 |
_a263522 _c263522 |
||
| 100 | _a20021226d2002 |||y0rusy50 ca | ||
| 101 | 0 | _arus | |
| 102 | _aRU | ||
| 105 | _aa ||||||||| | ||
| 200 | 1 |
_aРемонт квартиры в современных условиях _e[Ремонт квартиры и офиса, соврем. инструменты, материалы, технологии _fАвт.-сост. Левадный В. С. _gРед. Кортес А.Р.] |
|
| 210 |
_aМ. _cАделант _d2002 |
||
| 215 |
_a383, [1] с. _cил. _d21 |
||
| 225 | 1 | _aСвоими руками | |
| 606 | 0 |
_aКвартиры _xРемонт _92079721 _3RU\NLR\auth\661255614 |
|
| 610 | 0 | _aЖилые помещения - Ремонт | |
| 675 |
_a69.059.25 _v3 _zrus |
||
| 686 |
_a67.01 _2rugasnti |
||
| 686 |
_a38.654 _2rubbk |
||
| 686 | _aН683.711.002 | ||
| 702 | 1 |
_4220 _8rus _7ca _aЛевадный _bВ. С. _cпопуляризатор _3RU\NLR\AUTH\7769456 _952384 |
|
| 702 | 1 |
_aКортес _bА. Р. _4340 |
|
| 801 | 0 |
_aRU _bRKP _c20021226 _gPSBO |
|
| 801 | 1 |
_aRU _bRKP _c20021226 |
|
| 801 | 2 |
_aRU _bNLR _c20081014 _grcr |
|
| 942 | _cBOOK | ||
| 980 | _aNB | ||